[Event "SVK-ch U10 Girls"]
[Site "Lubovna"]
[Date "2020.08.21"]
[Round "9"]
[White "Boskajova, Beata"]
[Black "Morova, Jaroslava"]
[Result "0-1"]
[WhiteElo "1000"]
[BlackElo "1000"]
[PlyCount "72"]
[EventDate "2020.08.15"]
[EventType "tourn"]
[EventRounds "10"]
[EventCountry "SVK"]
[SourceTitle "EXT 2021"]
[Source "ChessBase"]
[SourceDate "2020.10.23"]
[SourceVersion "1"]
[SourceVersionDate "2020.10.23"]
[SourceQuality "1"]

1. e4 e5 2. d3 Nf6 3. f3 Nc6 4. Nc3 Bc5 5. Nh3 d6 6. Na4 0-0 7. c3 b5 8. d4 exd4 9. Nxc5 dxc5 10. cxd4 Nxd4 11. b3 Re8 12. Bb2 c6 13. Rc1 Qa5+ 14. Qd2 Qxd2+ 15. Kxd2 Bxh3 16. gxh3 Nxf3+ 17. Ke2 Nd4+ 18. Bxd4 cxd4 19. Kd2 Nxe4+ 20. Kd3 Nf2+ 21. Kd2 Nxh1 22. Re1 Nf2 23. Be2 Nxh3 24. Kd3 Nf4+ 25. Kd2 d3 26. Rf1 Rxe2+ 27. Kd1 Ng2 28. Kc1 Rxa2 29. Rg1 d2+ 30. Kd1 Ne3+ 31. Ke2 d1Q+ 32. Kxe3 Qxg1+ 33. Kf3 Ra3 34. Ke2 Rxb3 35. Kd2 Qxh2+ 36. Kd1 Rb1# 0-1

[Event "SVK-ch U10 Girls"]
[Site "Lubovna"]
[Date "2020.08.20"]
[Round "8"]
[White "Boskajova, Beata"]
[Black "Haasova, Timea"]
[Result "0-1"]
[WhiteElo "1000"]
[BlackElo "1533"]
[PlyCount "64"]
[EventDate "2020.08.15"]
[EventType "tourn"]
[EventRounds "10"]
[EventCountry "SVK"]
[SourceTitle "EXT 2021"]
[Source "ChessBase"]
[SourceDate "2020.10.23"]
[SourceVersion "1"]
[SourceVersionDate "2020.10.23"]
[SourceQuality "1"]

1. e4 e6 2. Be2 d5 3. f3 dxe4 4. fxe4 Qh4+ 5. g3 Qxe4 6. Nf3 Nc6 7. Rf1 Nd4 8. d3 Nxf3+ 9. Rxf3 Qd5 10. a4 Nf6 11. h3 Bc5 12. Ra3 Bxa3 13. bxa3 Qa5+ 14. Nd2 b6 15. g4 Bb7 16. Rf2 Nd5 17. c3 Qxc3 18. Kf1 Ne3+ 19. Kg1 Nxd1 20. Rf1 Ne3 21. Rf3 Qxc1+ 22. Kf2 Bxf3 23. Nxf3 Nd1+ 24. Kg3 g5 25. Bxd1 Qxd1 26. Ng1 Qxg1+ 27. Kf3 0-0-0 28. d4 Rxd4 29. a5 Rd3+ 30. Ke2 Qd1+ 31. Kf2 Rd2+ 32. Ke3 Qe2# 0-1

[Event "SVK-ch U10 Girls"]
[Site "Lubovna"]
[Date "2020.08.17"]
[Round "3"]
[White "Haasova, Timea"]
[Black "Boskajova, Beata"]
[Result "1-0"]
[WhiteElo "1533"]
[BlackElo "1000"]
[PlyCount "45"]
[EventDate "2020.08.15"]
[EventType "tourn"]
[EventRounds "10"]
[EventCountry "SVK"]
[SourceTitle "EXT 2021"]
[Source "ChessBase"]
[SourceDate "2020.10.23"]
[SourceVersion "1"]
[SourceVersionDate "2020.10.23"]
[SourceQuality "1"]

1. e4 f6 2. d4 d6 3. Bc4 e6 4. Nc3 Nc6 5. Be3 g6 6. d5 a6 7. dxc6 b5 8. Bb3 h6 9. Qg4 Rh7 10. Qxg6+ Rf7 11. Qg4 Rg7 12. Qh5+ Ke7 13. Qf3 a5 14. Nxb5 Rb8 15. Nd4 f5 16. exf5 Rf7 17. Qe4 Rf6 18. Nxe6 Bxe6 19. Bxe6 Rxf5 20. Bxf5+ Kf7 21. Qe6+ Kg7 22. Qg6+ Kh8 23. Qh7# 1-0

[Event "SVK-ch U10 Girls"]
[Site "Lubovna"]
[Date "2020.08.15"]
[Round "1"]
[White "Polackova, Eva"]
[Black "Boskajova, Beata"]
[Result "1-0"]
[WhiteElo "1333"]
[BlackElo "1000"]
[PlyCount "65"]
[EventDate "2020.08.15"]
[EventType "tourn"]
[EventRounds "10"]
[EventCountry "SVK"]
[SourceTitle "EXT 2021"]
[Source "ChessBase"]
[SourceDate "2020.10.23"]
[SourceVersion "1"]
[SourceVersionDate "2020.10.23"]
[SourceQuality "1"]

1. e4 c5 2. Nf3 a5 3. Nc3 Ra6 4. Bxa6 bxa6 5. 0-0 Bb7 6. d4 Nc6 7. Bf4 d6 8. Qd2 Nb4 9. a3 h6 10. axb4 g5 11. Be3 Qd7 12. dxc5 Nf6 13. Bd4 e6 14. Bxf6 Rg8 15. Nd4 Rg6 16. c6 Bxc6 17. Nxc6 Rxf6 18. Nxa5 Qc7 19. Nb3 Rf4 20. Rxa6 Qb7 21. Qd3 f5 22. exf5 e5 23. Re1 d5 24. Rxe5+ Be7 25. Rxh6 Qc7 26. Rh8+ Kd7 27. Rxe7+ Kxe7 28. Rh7+ Ke8 29. Rxc7 Kd8 30. Rh7 Rg4 31. Qxd5+ Kc8 32. Qb7+ Kd8 33. Qd7# 1-0